1349 1957 1028 1175 1878 1425 1168 1978 1566 1023 1969 1205 1002 1769 1530 1189 1764 1280 1118 1758 1164 1612 1296 1046 1970 1797 1075 1915 1214 1993 1825 1624 1328 1382 1358 1442 1324 1856 1642 1483 1973 1550 1282 1126 1148 1240 1300 1563 1767 1074 1085 1648 1570 1029 1406 1824 1793 1427 1839 1571 1671 1962 1675 1600 1469 1567 1191 1964 1719 1974 1506 1503 1171 1373 1482 1998 1756 1125 1483 1872 1400 1507 1654 1353 1464 1496 1123 1268 1928 1303 1586 1563 1259 1772 1413 1694 1082 1405 1671 BCNSPRNW ULIB Ver.6.0+V

เปลี่ยนเป็นภาษาไทย

Change to English
 แสดงรายละเอียดบรรณานุกรม
  กลับหน้าหลัก

Brief Record : Get Marc (ISO 2709) : E-mail record : QR code < ปิดหน้าต่าง
LEADER : 00000nam 2200000uu 4500
001    13399114441
003     ULIB
008    120402s2552||||th 000 0 tha d
020    ^a9786117017216
090    ^aนว.^bก791ข
100 0  ^aแก้วชวาลา
245 00 ^aข้ามฟ้ามาอ้อนรัก/^cแก้วชวาลา
250    ^aพิมพ์ครั้งที่ 1
260    ^aกรุงเทพฯ :^bอักษรศาสตร์,^c2552
300    ^a293 หน้า
710 1  ^aอักษรศาสตร์
945    ^p249^l0^i15938
995    ^aกัณชพร
999    ^aใช้งานได้ทุกระบบ
รายการนี้ยังไม่มีแท็ก
คุณยังไม่ได้ล็อกอิน คุณสามารถมีกิจกรรมร่วมกับเว็บไซต์ได้ แต่ต้องล็อกอินก่อน ::
  ล็อกอิน

รายการสื่อสารสนเทศ

ลำดับที่ ประเภท เลขเรียก/บาร์โค้ด สถานที่ สถานะ
1. นวนิยาย
นวนิยาย
นว. ก791ข  
  Barcode: 15938
ห้องสมุดวิทยาเขตสวรรค์ประชารักษ์
►นวนิยาย
บนชั้น
  ขอยืม

รายการใกล้เคียง
    ผู้แต่ง [แก้วชวาลา]

BibComment


ยังไม่เคยถูกคอมเมนท์

คอมเมนท์ทรัพยากรรายการนี้
  คอมเมนท์: ข้ามฟ้ามาอ้อนรัก..


 Copyright 2026. Bcnsprnw @Library